Responses for Show #3157 - Tuesday, April 28, 1998

1998 Celebrity Invitational game 2.

Contestants

[<< previous game]

Alicia Witt, from Cybill

Fred Savage, from Working

Melissa Joan Hart, from Sabrina, the Teenage Witch

[next game >>]

Jeopardy! Round responses

HISTORY 101
MUSIC THE KIDS LOVE
THE WONDER YEARS
(Alex: This whole category is about things that happened in The Wonder Years from 1968 to 1972.)
SAVAGE CREATURES
(Fred: For $500, for $500!)
WITCHCRAFT
(Melissa: I like that one!)
WIT
(Alex: And a whole category, devoted, Alicia... something for everyone!)
    $100 10
Disc jockeys

Fred
    $100 12
Woodstock

Alicia
    $100 20
(Alicia: What is a panther?)

Tiger

FredAlicia
    $100 1
Fly

Alicia
    $100 2
Seinfeld

Alicia
    $200 11
(Melissa: My favorite group!)

Smashing Pumpkins

Melissa
    $200 16
Neil Armstrong

Fred
    $200 21
Bear

Alicia
    $200 7
Warlock

Melissa
    $200 3
Woody Allen

Alicia
    $300 13
(Alicia: Who is George Michael?)
(Fred: Who are Sly and the Family Stone?)

Puff Daddy

FredAlicia
Triple Stumper
    $300 17
Billie Jean King

Fred
    $300 22
Dinosaur

Alicia
    $300 8
Halloween

Melissa
    $300 4
Frasier

Melissa
    $400 14
"Tubthumping"

Alicia
    $400 18
Draft

Fred
    $800 23
[The end-of-round signal sounds.]

piranhas

Alicia
    $400 9
Spell

Alicia
    $400 5
Dennis Miller

Alicia
    $500 15
Polka

Fred
    $500 19
(Alex: We have less than a minute to go, Fred,...you select.)

Haiti

Triple Stumper
    $500 6
Getting what you want

Melissa

Scores at the first commercial break (after clue 11):

Melissa Fred Alicia
$1,500 $100 $1,200

Scores at the end of the Jeopardy! Round:

Melissa Fred Alicia
$1,500 $1,300 $2,600

Double Jeopardy! Round responses

JANE AUSTEN
(Alex: You'll love her, Fred!)
HAVE A HEART
GROWING UP ON FILM
(Alex: Something you kids know something about.)
CRY ME A RIVER
NOTABLE NAMES
"KID" STUFF
    $200 2
Sensibility

Alicia
    $200 15
Throat

Fred
    $200 1
Dalai Lama

Melissa
    $200 26
Jordan River

Triple Stumper
    $200 10
P.T. Barnum

Alicia
    $200 21
Billy the Kid

Alicia
    $400 3
(Alicia: What is under a pseudonym?)
(Alex: Under a pseudonym...anonymously...no...I just blurted out the answer.)

Anonymously

Alicia
Triple Stumper
    $400 16
Bottom

Alicia
    $1,000 6
Contact

Fred
    $400 27
(Fred: I knew I didn't want to get a RIVERS category when I came on the show!)
(Alex: Well, it's the only category we have left!)

Nile

Triple Stumper
    $400 11
Mahatma Gandhi

Alicia
    $400 22
(Alicia: Who are Kid 'n Play?)

Kids in the Hall

MelissaAlicia
    $600 4
"Emma"

Fred
    $600 17
Heartthrob

Fred
    $600 7
It's A Wonderful Life

Alicia
    $600 28
[The end-of-round signal sounds.]

the Amazon

Fred
    $600 12
Johann Sebastian Bach

Alicia
    $600 23
Butch Cassidy and the Sundance Kid

Alicia
    $800 5
"Pride and Prejudice"

Triple Stumper
    $800 18
"Heartbreak Hotel"

Fred
    $800 8
River Phoenix

Fred
    $800 13
(Fred: Who is Catherine the Great?)

Anastasia

Fred
Triple Stumper
    $800 24
New Kids on the Block

Alicia
    $1000 20
Captain

Melissa
    $1000 19
Makes the heart grow fonder

Alicia
    $1000 9
Ethan Hawke & Gwyneth Paltrow

Fred
    $1000 14
(Alicia: Who is...Galaga...[time]?)

Galileo

Alicia
Triple Stumper
    $1000 25
(and we have a minute to go...)

"Kidnapped"

Fred

Scores at the end of the Double Jeopardy! Round:

Melissa Fred Alicia
$3,100 $7,100 $5,800

[wagering suggestions for these scores]

Final Jeopardy! Round responses

THE CALENDAR
MelissaWhat is Febuary?
$500
AliciaWhat is September???
$2,800
FredWhat is Febuary?
$5,000
February

Final scores:

Melissa Fred Alicia
$3,600 $12,100 $3,000
2nd place: $10,000 for the Starbright Foundation Winner: $15,000 for the Children's Hospital of Los Angeles 3rd place: $10,000 for the Convenant House California

Game dynamics:

Coryat scores:

Melissa Fred Alicia
$3,100 $6,500 $5,400
8 R,
0 W
15 R
(including 1 DD),
2 W
20 R
(including 1 DD),
5 W

Combined Coryat: $15,000

[game clues] [game scores] [suggest correction]

Game tape date: Unknown
The J! Archive is created by fans, for fans. Scraping, republication, monetization, and malicious use prohibited; this site may use cookies and collect identifying information. See terms. The Jeopardy! game show and all elements thereof, including but not limited to copyright and trademark thereto, are the property of Jeopardy Productions, Inc. and are protected under law. This website is not affiliated with, sponsored by, or operated by Jeopardy Productions, Inc. Join the discussion at JBoard.tv.